000
00273 a2200133 4500
000
nam a22 7a 4500
100
_a
doshi r
110
_a
doshi r
245
_a
Machine learning
250
_a
latest
260
_b
b.p.b
_c
2026
264
_b
b.p.b
_c
2026
942
_c
BK
999
_c
394925
_d
394925